| 000 | 00559nam a22001697a 4500 | ||
|---|---|---|---|
| 999 |
_c7968 _d7968 |
||
| 003 | GBCCL | ||
| 005 | 20241126110640.0 | ||
| 008 | 181121b ||||| |||| 00| 0 eng d | ||
| 040 | _cGBC | ||
| 082 |
_aARCH GBC-2006 _bVUN |
||
| 100 |
_aVungkhansuan, T _913904 |
||
| 245 |
_aAn Evaluation of the Charismatic Doctrine of Healing From a Biblical Perspective | _cT. Vungkhansuan |
||
| 260 |
_aNew Lamka: _bGrace Bible College, _c2006 |
||
| 300 |
_axiv + 54 p.; _c21 x 29 cm. |
||
| 650 |
_aHealing _vCharismatic Doctrine _xBiblical Perspective _913905 |
||
| 942 |
_2ddc _cTH |
||